Official髭男dism 全曲名クイズ - Statistics

General Stats
  • This quiz has been taken 473 times
    76 since last reset
  • The average score is 60 of 105
Answer Stats
album answer % Correct
ミックスナッツ ミックスナッツ
90%
Pretender
90%
エスカパレード 115万キロのフィルム
87%
宿命
83%
らしさ
83%
50%
80%
I LOVE...
80%
ノーダウト
77%
Traveler イエスタデイ
77%
Cry Baby
73%
なんか新しいやつ Same Blue
73%
コーヒーとシロップ
70%
黄色い車
70%
犬かキャットかで死ぬまで喧嘩しよう!
70%
エルダーフラワー
70%
スターダスト
70%
HELLO HELLO
70%
SOULSOUP
70%
Stand By You Stand By You
70%
Stand By You(Acoustic ver.)
70%
ラブとピースは君の中 SWEET TWEET
70%
異端なスター
67%
Chessboard
67%
Make Me Wonder
67%
Subtitle
67%
TATTOO
67%
恋の前ならえ
63%
ゼロのままでいられたら
63%
キャッチボール
63%
濁点
63%
ホワイトノイズ
63%
LADY LADY
63%
Laughter
63%
アポトーシス
60%
55
60%
Get Back To 人生
60%
What's Going On? What's Going On?
60%
ブラザーズ
57%
パラボラ
57%
日常
57%
Anarchy
57%
Anarchy(Rejoice ver.)
57%
Editorial Editorial
57%
FIRE GROUND
57%
Sharon
57%
Universe
57%
夕暮れ沿い
53%
恋の去り際
53%
未完成なままで
53%
旅は道連れ
53%
ラストソング
53%
ESCAPADE
53%
Sanitizer
53%
Tell Me Baby
53%
始発が導く幸福論
50%
日曜日のラブレター
50%
バッドフォーミー
50%
フィラメント
50%
みどりの雨避け
50%
可能性(prod.Masayoshi Iimori)
50%
Rolling
50%
Rowan
50%
愛なんだが…
47%
ニットの帽子
47%
レポート 始まりの朝
47%
されど日々は
47%
ビンテージ
47%
夏模様の猫
47%
破顔
47%
Bedroom Talk
47%
B-Side Blues
47%
MAN IN THE MIRROR Clap Clap
47%
Rejoice Finder
47%
I'm home(Interlude)
47%
Second LINE
47%
イコール
43%
たかがアイラブユー
43%
相思相愛
43%
発明家
43%
うらみつらみきわみ
43%
Choral A
43%
Driver
43%
Happy Birthday To You
43%
Lost In My Room
43%
parade
43%
Travelers
43%
最後の恋煩い
40%
ペンディング・マシーン
40%
052519
40%
Shower
40%
Trailer
40%
雪急く朝が来る
37%
ダーリン。
37%
Amazing
33%
No matching quizzes found
Score Distribution
Percent of People with Each Score
Percentile by Number Answered
Your Score History
You have not taken this quiz since the last reset